Thermodynamic Properties of Helium, Nitrogen and Helium-Nitrogen Mixtures from 240 to 950... /
Guardado en:
| Autor Principal: | |
|---|---|
| Autor Corporativo: | |
| Formato: | Libro |
| Idioma: | English |
| Publicado: |
[Washington, D.C.] :
United States Department of the Interior, Boreau of Mines,
[1968]
|
| Series: | U.S. Bureau of Mines.
Report of investigations (United States. Bureau of Mines) ; 7190 |
| Materias: | |
| Etiquetas: |
Agregar Etiqueta
Sin Etiquetas, Sea el primero en etiquetar este registro!
|
| LEADER | 00968nam a22002415a 4500 | ||
|---|---|---|---|
| 001 | EIQ.libpla000634 | ||
| 008 | 060417s1968####dcu######b###f000#0#eng#d | ||
| 005 | 20070222160214.0 | ||
| 245 | 1 | 0 | |a Thermodynamic Properties of Helium, Nitrogen and Helium-Nitrogen Mixtures from 240 to 950... / |c By Robert E. Wood. |
| 260 | |a [Washington, D.C.] : |b United States Department of the Interior, Boreau of Mines, |c [1968] | ||
| 300 | |a 361 p. : |b il., tablas ; |c 28 cm. | ||
| 440 | 0 | |a U.S. Bureau of Mines. | |
| 490 | 1 | |a Report of investigations ; |v 7190 | |
| 504 | |a Bibliografía: p. 357-361. | ||
| 100 | 1 | |a Wood, Robert E. | |
| 710 | 1 | |a United States. |b Bureau of Mines. | |
| 830 | 0 | |a Report of investigations (United States. Bureau of Mines) ; |v 7190 | |
| 650 | 4 | |a Helio |x Propiedades. | |
| 650 | 4 | |a Nitrógeno |x Propiedades. | |
| 650 | 4 | |a Nitrogen |x Properties. | |
| 650 | 4 | |a Helium |x Properties. | |
| 040 | |a AR-BbSID |b spa |c AR-BbSID | ||
| 859 | |a AR-BbSID |b BIB. PLAPIQUI |h 541.36 |i W 85 |k R |p 4583 | ||
